[Event "Lesa op 1st"]
[Site "Lesa"]
[Date "2012.10.12"]
[Round "1"]
[White "Moroso, Giuliano"]
[Black "Minerva, Enzo"]
[Result "1/2-1/2"]
[WhiteElo "1655"]
[BlackElo "2060"]
[PlyCount "30"]
[EventDate "2012.10.12"]
[EventType "swiss"]
[EventRounds "5"]
[EventCountry "ITA"]
[SourceTitle "EXT 2015"]
[Source "ChessBase"]
[SourceDate "2014.11.20"]
[SourceVersion "1"]
[SourceVersionDate "2014.11.20"]
[SourceQuality "1"]

1. b3 e5 2. Bb2 Nc6 3. e3 Nf6 4. g3 Be7 5. Bg2 d6 6. Ne2 Rb8 7. d3 Bg4 8. 0-0 Qd7 9. Nd2 0-0 10. f3 Bh3 11. d4 Nd5 12. Bxh3 Qxh3 13. Rf2 Nxe3 14. Qc1 Bf6 15. Ne4 Nf5 1/2-1/2